000 00222nam a2200097Ia 4500
008 170619s9999 xx 000 0 und d
100 _aWolf- Wayne
245 0 _aModern VLSI design
260 _bSingapore; Pearson
260 _c2004
546 _aENGLISH
999 _c17456
_d17456